Tratado de las enfermedades de la piel / (Record no. 160622)

MARC details
000 -LEADER
campo de control de longitud fija 00990nam a22002655i 4500
001 - NÚMERO DE CONTROL
campo de control 160622
003 - IDENTIFICADOR DE NÚMERO DE CONTROL
campo de control ES-MaACL
005 - FECHA Y HORA DE LA ÚLTIMA TRANSACCIÓN
campo de control 20230906212105.0
008 - DATOS DE LONGITUD FIJA--INFORMACIÓN GENERAL
campo de control de longitud fija 001110s1880 sp a |||| | spa d
040 ## - FUENTE DE CATALOGACIÓN
Centro catalogador/agencia de origen AN
Lengua de catalogación spa
Centro/agencia transcriptor AN
100 1# - ENTRADA PRINCIPAL--NOMBRE DE PERSONA
Nombre de persona Neumann, Isodoro.
9 (RLIN) 130447
245 10 - MENCIÓN DEL TÍTULO
Título Tratado de las enfermedades de la piel /
Mención de responsabilidad, etc. por I. Neumann ; traducido de la cuarta edicion y anotado por los Dres. G. y E. Darin ; version española de Cárlos María Cortezo.
260 ## - PUBLICACIÓN, DISTRIBUCIÓN, ETC.
Lugar de publicación, distribución, etc. Madrid :
Nombre del editor, distribuidor, etc. [s.n.],
Fecha de publicación, distribución, etc. 1880 (
Fabricante Imprenta de Enrique Teodoro)
300 ## - DESCRIPCIÓN FÍSICA
Extensión 2 v. :
Otras características físicas il. ;
Dimensiones 25 cm.
490 1# - MENCIÓN DE SERIE
Mención de serie Biblioteca escogida de El Siglo Médico
597 #1 - NOTA DE DESCRIPCIÓN FÍSICA
NOTA DE DESCRIPCIÓN FÍSICA Antep.
700 11 - ENTRADA AGREGADA--NOMBRE PERSONAL
Nombre de persona Darin, G.
9 (RLIN) 126699
700 11 - ENTRADA AGREGADA--NOMBRE PERSONAL
Nombre de persona Darin, E.
9 (RLIN) 126698
700 11 - ENTRADA AGREGADA--NOMBRE PERSONAL
Nombre de persona Cortezo, Carlos María.
9 (RLIN) 40920
752 ## - ENTRADA AGREGADA--NOMBRE JERÁRQUICO DEL LUGAR
País o entidad superior España -
Ciudad Madrid
830 0# - PUNTO DE ACCESO ADICIONAL DE SERIE-TÍTULO UNIFORME
Título uniforme Biblioteca escogida de El Siglo Médico
9 (RLIN) 182501
852 ## - LOCALIZACIÓN
Ubicación ES-MaACL
Nota libre F-12700-12701
-- -- Enc. hol.
Encuadernación -- Edic.: añadir T650 Dermatología
Holdings
Estatus retirado Estado de pérdida Estado de daño No para préstamo Colección Biblioteca de origen Biblioteca actual Ubicación en estantería Fecha de adquisición Fuente de adquisición Total de préstamos Signatura topográfica completa Código de barras Visto por última vez Precio de reemplazo Tipo de ítem Koha
        Libros del s. XIX Biblioteca del Ateneo de Madrid Biblioteca del Ateneo de Madrid Sala Pecera Planta 2 17/01/2008     F-12700-12701 1168183 23/02/2023 23/02/2023 Libro impreso antiguo